Sikhs at large : (Record no. 9645)

MARC details
000 -LEADER
fixed length control field 00695 a2200193 4500
010 ## - LIBRARY OF CONGRESS CONTROL NUMBER
LC control number ENG-89006
020 ## - INTERNATIONAL STANDARD BOOK NUMBER
International Standard Book Number 9780195685985
Terms of availability 650.00
035 ## - SYSTEM CONTROL NUMBER
System control number EN-72539
037 ## - SOURCE OF ACQUISITION
Source of stock number/acquisition DBAD / PUB
082 14 - DEWEY DECIMAL CLASSIFICATION NUMBER
Classification number 305.89142
090 ## - LOCALLY ASSIGNED LC-TYPE CALL NUMBER (OCLC); LOCAL CALL NUMBER (OCLC)
-- 9824
-- 9824
100 1# - MAIN ENTRY--PERSONAL NAME
Personal name Dusenbery, Verne A.
245 1# - TITLE STATEMENT
Title Sikhs at large :
Statement of responsibility, etc by Verne A. Dusenbery
Remainder of title religion, culture and politics in global perspective /
260 ## - PUBLICATION, DISTRIBUTION, ETC. (IMPRINT)
Place of publication, distribution, etc New Delhi
Name of publisher, distributor, etc Oxford University Press
Date of publication, distribution, etc 2008
270 ## - ADDRESS
Address YMCA Library Building, Jai Singh Road
City New Delhi
Postal code 110 001
300 ## - PHYSICAL DESCRIPTION
Dimensions 22 cm ( Hb.)
Other physical details x, 337p.
942 ## - ADDED ENTRY ELEMENTS (KOHA)
Koha item type English Books
Institution code [OBSOLETE] dpl
Call number prefix 305.89142/ DUS
Holdings
Withdrawn status Lost status Source of classification or shelving scheme Damaged status Not for loan Collection code Home library Current library Source of acquisition Cost, normal purchase price Total Checkouts Full call number Barcode Date last seen Copy number Uniform Resource Identifier Cost, replacement price Price effective from Koha item type
    Dewey Decimal Classification   Not For Loan Non-fiction D.B.Act.Division D.B.Act.Division DBAD/PUB 650.00   305.89142 EN-72539 15/09/2008 1 10634 650.00 15/09/2008 English Books

© Delhi Public Library
Hit Counter
free hit counter